| 000 | 01679cam a22003374a 4500 | ||
|---|---|---|---|
| 999 |
_c57931 _d57931 |
||
| 001 | 16702567 | ||
| 005 | 20210402123956.0 | ||
| 008 | 110322r20102009nyuabf b 001 0 eng | ||
| 010 | _a 2011401220 | ||
| 020 | _a9780307387929 | ||
| 040 |
_aDLC _cDLC _dDLC |
||
| 043 | _ae-ur--- | ||
| 050 | 0 | 0 |
_aDK288 _b.S393 2010 |
| 080 | _a94(470) S-44 | ||
| 100 | 1 |
_aSebestyen, Victor, _d1956- _910997 |
|
| 245 | 1 | 0 |
_aRevolution 1989 : _bthe fall of the Soviet empire / _cVictor Sebestyen. |
| 250 | _a1st Vintage books ed. | ||
| 260 |
_aNew York : _bPantheon Books, _c2010, c2009. |
||
| 300 |
_axxi, 451 p. [16] p. of plates : _bill., map ; _c21 cm. |
||
| 504 | _aIncludes bibliographical references (p. [405]-428) and index. | ||
| 520 | _aDocuments the collapse of the Soviet Union's European empire (East Germany, Poland, Czechoslvakia, Hungary, Romania, and Bulgaria) and the transition of each to independent states, drawing on interviews and newly uncovered archival material to offer insight into 1989's rapid changes and the USSR's minimal resistance. | ||
| 651 | 0 |
_aSoviet Union _xPolitics and government _y1985-1991. _910998 |
|
| 651 | 0 |
_aEurope, Eastern _xPolitics and government _y1989- _910999 |
|
| 651 | 0 |
_aEurope, Central _xPolitics and government _y1989- _911000 |
|
| 653 | _aRevolution 1989 : The Fall of the Soviet Empire | ||
| 653 | _aრევოლუცია 1989 : საბჭოთა იმპერიის დაცემა | ||
| 653 | _aРеволюция 1989 : Падение Советской империи | ||
| 906 |
_a7 _bcbc _corigres _d2 _encip _f20 _gy-gencatlg |
||
| 942 |
_2udc _cBK |
||
| 955 |
_bSel/fsl 2011-03-22 _iSel/fsl 2011-03-22 to Dewey |
||